<?xml version="1.0" encoding="UTF-8"?><?xml-stylesheet type="text/xsl" href="static/style.xsl"?><OAI-PMH xmlns="http://www.openarchives.org/OAI/2.0/" xmlns:xsi="http://www.w3.org/2001/XMLSchema-instance" xsi:schemaLocation="http://www.openarchives.org/OAI/2.0/ http://www.openarchives.org/OAI/2.0/OAI-PMH.xsd"><responseDate>2026-04-13T07:30:25Z</responseDate><request verb="GetRecord" identifier="oai:www.recercat.cat:10459.1/464170" metadataPrefix="marc">https://recercat.cat/oai/request</request><GetRecord><record><header><identifier>oai:recercat.cat:10459.1/464170</identifier><datestamp>2025-09-16T05:08:04Z</datestamp><setSpec>com_2072_3622</setSpec><setSpec>col_2072_478537</setSpec></header><metadata><record xmlns="http://www.loc.gov/MARC21/slim" xmlns:dcterms="http://purl.org/dc/terms/" xmlns:xsi="http://www.w3.org/2001/XMLSchema-instance" xmlns:doc="http://www.lyncode.com/xoai" xsi:schemaLocation="http://www.loc.gov/MARC21/slim http://www.loc.gov/standards/marcxml/schema/MARC21slim.xsd">
   <leader>00925njm 22002777a 4500</leader>
   <datafield ind2=" " ind1=" " tag="042">
      <subfield code="a">dc</subfield>
   </datafield>
   <datafield ind2=" " ind1=" " tag="720">
      <subfield code="a">Roig Gómez, Marcel</subfield>
      <subfield code="e">author</subfield>
   </datafield>
   <datafield ind2=" " ind1=" " tag="260">
      <subfield code="c">2023-06</subfield>
   </datafield>
   <datafield ind2=" " ind1=" " tag="520">
      <subfield code="a">El marxisme durant la major part del segle XIX va ser la ideologia dominant entre els diferents membres de la classe obrera. El seu cos teòric s’estructura de tal manera que compren la realitat d’una forma analítica, per a poder actuar contra aquesta d’una forma pràctica. Està clar que el seu tractament al voltant de les problemàtiques socials generades pel capitalisme, així com els seus procés de pressió i enderrocament del poder, generà uns precedents per a tots els moviments socials posteriors, inclòs el feminisme. Tot i que està comprovat que la teoria materialista no va saber comprendre el cent per cent del mecanisme liberal, encara a dia d’avui per un reducte de científics socials és emprada per analitzar la realitat, així comprovarem la seva utilitat en la present activitat.</subfield>
   </datafield>
   <datafield ind2=" " ind1=" " tag="520">
      <subfield code="a">El marxismo durante la mayor parte del siglo XIX fue la ideología dominante entre los diferentes integrantes de la clase obrera. Su cuerpo teórico se estructura de forma que comprende la realidad de una forma analítica, para así poder actuar contra esta de forma práctica. Es evidente que su trato acerca de las problemáticas sociales generadas por el capitalismo, así como sus procesos de presión y derrocamiento del poder, genera unos precedentes para todos los movimientos sociales posteriores, incluso el feminismo. Aún y estar comprobado que la teoría materialista no supo comprender el cien por cien del mecanismo liberal, a día de hoy por un reducido grupo de científicos sociales es usada para analizar la realidad, así comprobaremos su utilidad en la presente actividad .</subfield>
   </datafield>
   <datafield ind2=" " ind1=" " tag="520">
      <subfield code="a">Marxism during most of the 19th century was the dominant ideology among the different members of the working class. His theoretical body is structured in such a way that he understands reality in an analytical way, so that he can act against it in a practical way. It’s clear that her treatment of the social problems generated by capitalism, as well as her process of pressure and overthrow of power, created precedents for all subsequent social movements, including feminism. Although it is proven that materialist theory failed to understand one hundred percent of the liberal mechanism, it’s still used today by a small number of social scientists to analyze reality, so we will see its usefulness in the present activity.</subfield>
   </datafield>
   <datafield tag="653" ind2=" " ind1=" ">
      <subfield code="a">Materialisme</subfield>
   </datafield>
   <datafield tag="653" ind2=" " ind1=" ">
      <subfield code="a">Patriarcat</subfield>
   </datafield>
   <datafield tag="653" ind2=" " ind1=" ">
      <subfield code="a">Superestructura</subfield>
   </datafield>
   <datafield tag="653" ind2=" " ind1=" ">
      <subfield code="a">Hegemonia cultural</subfield>
   </datafield>
   <datafield tag="653" ind2=" " ind1=" ">
      <subfield code="a">Lluita de classes</subfield>
   </datafield>
   <datafield tag="653" ind2=" " ind1=" ">
      <subfield code="a">Gènere</subfield>
   </datafield>
   <datafield tag="653" ind2=" " ind1=" ">
      <subfield code="a">Interseccionalitat</subfield>
   </datafield>
   <datafield tag="653" ind2=" " ind1=" ">
      <subfield code="a">Feminisme</subfield>
   </datafield>
   <datafield tag="653" ind2=" " ind1=" ">
      <subfield code="a">Marxisme</subfield>
   </datafield>
   <datafield tag="653" ind2=" " ind1=" ">
      <subfield code="a">Materialisme</subfield>
   </datafield>
   <datafield tag="653" ind2=" " ind1=" ">
      <subfield code="a">Lluita de classes</subfield>
   </datafield>
   <datafield tag="653" ind2=" " ind1=" ">
      <subfield code="a">Feminisme</subfield>
   </datafield>
   <datafield tag="653" ind2=" " ind1=" ">
      <subfield code="a">Marxisme</subfield>
   </datafield>
   <datafield tag="653" ind2=" " ind1=" ">
      <subfield code="a">Patriarcat</subfield>
   </datafield>
   <datafield ind2="0" ind1="0" tag="245">
      <subfield code="a">Anàlisi material del moviment feminista al llarg del segle XX: El marxisme com una eina contemporània d’investigació.</subfield>
   </datafield>
</record></metadata></record></GetRecord></OAI-PMH>